Ведомости о количестве душевых наделов крестьян-собственников и нынешних окладов выкупных платежей и о сумме, следующей с них к ...

Доступно только в Электронных читальных залах Найти на картеНа карте
RUSMARC
00003817nmc2a2200000 x 450
001b5d44414-bc77-4540-90ce-2d33db07566f
00520160105075141.0
100##$a20150225l18821882k l0rusy0189 ca
1010#$arus
102##$aRU
2001#$aВедомости о количестве душевых наделов крестьян-собственников и нынешних окладов выкупных платежей и о сумме, следующей с них к понижению по 1 рублю с надела или по 16 копеек с каждого рубля последнего оклада выкупного платежа Смоленской губернии по казначействам: Бельскому, Вяземскому, Гжатскому, Дорогобужскому, Духовщинскому, Ельнинскому, Краснинскому, Поречскому, Рославльскому, Смоленскому, Сычевскому, Юхновскому (Приложение к делу № 74/5, 1882 год)
$j[1882] г.
251##$cДело
300##$aДело
801#0$aRU
$bРГИА
$c20150225
$gRCR
801#1$aRU
$bГлавНИВЦ
$c20150225
$2rusmarc
801#2$aRU
$bПБ им. Б.Н. Ельцина
$c20160105
$gRCR
$2rusmarc
850##$aРГИА
852##$aРГИА
$eФедеральное казенное учреждение "Российский государственный исторический архив" (РГИА)
$j874
937##$hРГИА
$d11190628
$aASBIBLIO_SCAN
462#0$10013826a62a-52d3-408e-b545-2019664385f0
$12001
$a1861-1895 гг.
$1251
$cОпись
$1852
$j50
461#0$10018ef30ad5-ff5c-4840-a721-74c62a200f95
$12001
$aГлавное выкупное учреждение Министерства финансов
$1251
$cФонд
$1852
$j577
215##$a1195 л.
$d36,5x26 см
371##$aДокумент не является опубликованным и широко распространяемым
105##$aу###
1222#$ad
035##$ab5d44414-bc77-4540-90ce-2d33db07566f
Формат отображения